Špecifikácia priemyselných odvetví s najvyšším rastovým potenciálom

Analýza jedného z prístupov odhadu najvyššieho rastového potenciálu vybraných odvetví na základe údajov ŠÚ SR a vlastných výpočtov.

Gespeichert in:
Bibliographische Detailangaben
1. Verfasser: Chajdiak, Jozef
Format: Buchkapitel
Sprache:Slowakisch
Schlagworte:
Tags: Tag hinzufügen
Keine Tags, Fügen Sie das erste Tag hinzu!

MARC

LEADER 00000naa a2200000 4500
001 0168724
005 20220715093943.8
041 0 |a slo 
044 |a SK 
245 1 0 |a Špecifikácia priemyselných odvetví s najvyšším rastovým potenciálom  |c Jozef Chajdiak 
520 |a Analýza jedného z prístupov odhadu najvyššieho rastového potenciálu vybraných odvetví na základe údajov ŠÚ SR a vlastných výpočtov. 
610 2 0 |a odvetvia činnosti ekonomickej 
610 2 0 |a priemysel 
610 2 0 |a potenciál ekonomický 
610 2 0 |a analýza ekonomická 
610 2 0 |a metódy štatistické 
100 1 |a Chajdiak, Jozef